000 01851nam0a2200409 4500
001 RU\NLR\BIBL_A\010885265
005 201511230508
010 _a978-5-906456-18-2
_91000
021 _aRU
_b2015-80725
_94897
035 _a(NLR Aleph) 010885265
035 _a(NILC)RuMoRGB-008046211
090 _a10523145
_c10523145
100 _a20151109d2016 um y0rusy50 ca
101 1 _arus
_ceng
102 _aRU
105 _ac|||g|||001yy
200 1 _aАнтимикробная терапия по Джею Сэнфорду
_e[справочник
_fД. Гилберт и др.]
_gред. Д. Гилберт [и др.]
_gпер. с англ. под ред. д.м.н., проф. В. Б. Белобородова и д.м.н., проф. А. И. Мазуса
205 _a2-е рус изд.
210 _aМосква
_cГранат
_d2016
_d[т.е. 2015]
215 _a688 с.
_cпортр., табл.
_d17
300 _aЗагл. ориг.: The Sanford Guide to Antimicrobial Therapy, 2014
300 _aНа обл. авт.: Д. Гилберт, Г. Чемберс, Дж. Элиопулос [и др.]
300 _aФактическая дата выхода в свет - 2015
320 _aБиблиогр.: с. 606-625
320 _aПредм. указ.: 662-688
454 0 _12001#$aThe Sanford Guide to Antimicrobial Therapy, 2014
606 1 _aАнтимикробные средства
_xЛечебное применение
_jСправочники
_2nlr_sh1
_2nlr_sh2
_3RU\NLR\AUTH\6655676
675 _a615.1/4
686 1 _aР281.81-6я22
702 1 _aГилберт
_bД. Н.
_gДэвид Н.
_4220
702 1 _aСэнфорд
_bД.
_gДжей
_4570
801 0 _aRU
_bРГБ
_c20151016
_gRCR
942 _cBOOK
980 _aNBR
980 _aNB